000
00278 a2200109 4500
001
76318
005
20260416141108.0
090
_a
76318
100
_a
20260416 pory50
200
_a
Memórias do cárcere II
_f
Camilo Castelo Branco
210
_c
Publicações Europa-América
942
_c
MON